000 00317nam a2200133Ia 4500
008 240624s9999 xx 000 0 und d
041 _aeng
082 _a658.8 LIN
100 _aLINTON IAN
245 _aMARKETING TRAINING SERVICES
260 _c1997
_aNew Delhi
_bRoutledge
300 _a224 : p.
365 _cBPS
_b31
999 _c28698
_d28698